Every Mario Kart Game - Statistics

General Stats
  • This quiz has been taken 16 times
  • The average score is 12 of 15
Answer Stats
Hint Answer % Correct
2011 (3DS) Mario Kart 7
93%
2014 (Wii U) Mario Kart 8
93%
2017 (Switch) Mario Kart 8 Deluxe
93%
2003 (GC) Mario Kart: Double Dash!!
93%
2008 (Wii) Mario Kart Wii
93%
2025 (Switch 2) Mario Kart World
93%
1992 (SNES) Super Mario Kart
93%
2005 (DS) Mario Kart DS
86%
1996 (N64) Mario Kart 64
79%
2019 (Mobile) Mario Kart Tour
79%
2005 (Arcade) Mario Kart Arcade GP
71%
2007 (Arcade) Mario Kart Arcade GP 2
64%
2001 (GBA) Mario Kart: Super Circuit
64%
2020 (Switch) Mario Kart Live: Home Circuit
57%
2013 (Arcade) Mario Kart Arcade GP DX
50%
No matching quizzes found
Score Distribution
Percent of People with Each Score
Percentile by Number Answered
Your Score History
You have not taken this quiz